| 000 | 01066cam a22002174a 4500 | ||
|---|---|---|---|
| 005 | 20250605164044.0 | ||
| 008 | 250528s ||||||||||||||||||||||||d | ||
| 035 | _a17071 | ||
| 020 | _a884165523 | ||
| 040 |
_aGR-AtMCL _bgre _dGR-AtMCL _eAACR2 |
||
| 245 | 1 | _aObsessive - Compulsive Disorders / Theory and Management | |
| 260 |
_bYear Book Medical Publishers, Inc, _c1986 |
||
| 300 | _a196 | ||
| 520 | _aForeword, Preface, Introduction, Theories of Etiology, Epidemiology and Clinical Feature of Obsessive-Compulsive Disorder, Behavior Therapy for Obsessive-Compulsive Disorder, Somatic Treatments, Psychotherapy of the Obsessional Patient, Predictors of Treatment Failure, Illnesses Related to Obsessive-Compulsive Disorder, Tourette Syndrome and Obsessive-Compulsive Disorder, Neurobiology and Neuropsychology of Obsessive-Compulsive Disorder, Management of the Individual Patient, Index. | ||
| 700 | 1 |
_aBaer Lee _93202 |
|
| 700 | 1 |
_aJenike Michael A _93203 |
|
| 700 | 1 |
_aMinichielo William E _93204 |
|
| 942 | _cBK | ||
| 999 |
_c2511 _d2511 |
||